Nghiên bút mười năm

Tập hợp những bài viết của tác giả Cao Tự Thanh chủ yếu về các đề tài lịch sử và thời sự nghiên cứu đã được xuất bản từ trước đó.

Bewaard in:
Bibliografische gegevens
Hoofdauteur: Cao, Tự Thanh
Formaat: Boek
Taal:Undetermined
Gepubliceerd in: H. Văn học 1999
Onderwerpen:
Online toegang:http://lrc.tdmu.edu.vn/opac/search/detail.asp?aID=2&ID=6488
Tags: Voeg label toe
Geen labels, Wees de eerste die dit record labelt!
Thư viện lưu trữ: Trung tâm Học liệu Trường Đại học Thủ Dầu Một
LEADER 00849nam a2200205Ia 4500
001 TDMU_6488
008 210410s9999 xx 000 0 und d
082 |a 900 
090 |b C108 
100 |a Cao, Tự Thanh 
245 0 |a Nghiên bút mười năm 
245 0 |c Cao tự Thanh 
260 |a H. 
260 |b Văn học 
260 |c 1999 
300 |a 512tr. 
520 |a Tập hợp những bài viết của tác giả Cao Tự Thanh chủ yếu về các đề tài lịch sử và thời sự nghiên cứu đã được xuất bản từ trước đó. 
650 |a Nghiên cứu lịch sử; Lịch sử; Lịch sử Việt Nam 
856 |u http://lrc.tdmu.edu.vn/opac/search/detail.asp?aID=2&ID=6488 
980 |a Trung tâm Học liệu Trường Đại học Thủ Dầu Một